Histomorphological features of placenta in pregnancy complicated with intra uterine growth retardation (Record no. 877680)

MARC details
000 -LEADER
fixed length control field 00948nam a2200277Ia 4500
003 - CONTROL NUMBER IDENTIFIER
control field OSt
005 - DATE AND TIME OF LATEST TRANSACTION
control field 20220930084728.0
008 - FIXED-LENGTH DATA ELEMENTS--GENERAL INFORMATION
fixed length control field 220926b |||||||| |||| 00| 0 eng d
037 ## - SOURCE OF ACQUISITION
Terms of availability Theses
040 ## - CATALOGING SOURCE
Original cataloging agency CRL
Transcribing agency CRL
Language of cataloging eng
041 ## - LANGUAGE CODE
Source of code eng
Language code of text/sound track or separate title eng
100 ## - MAIN ENTRY--PERSONAL NAME
Personal name Kavita
9 (RLIN) 206955
110 ## - MAIN ENTRY--CORPORATE NAME
Corporate name or jurisdiction name as entry element University of Delhi. Faculty of Medical Sciences. Department of Obstetrics
245 #0 - TITLE STATEMENT
Title Histomorphological features of placenta in pregnancy complicated with intra uterine growth retardation
260 ## - PUBLICATION, DISTRIBUTION, ETC.
Date of publication, distribution, etc. 2006
650 ## - SUBJECT ADDED ENTRY--TOPICAL TERM
Topical term or geographic name entry element WOMEN - DISEASES
700 ## - ADDED ENTRY--PERSONAL NAME
Personal name Dr. A. K. Mandal Gu.
700 ## - ADDED ENTRY--PERSONAL NAME
Personal name Dr. Sonu Nigam Gu.
9 (RLIN) 535907
700 ## - ADDED ENTRY--PERSONAL NAME
Personal name Dr. Usha Manaktala Gu.
9 (RLIN) 536222
700 ## - ADDED ENTRY--PERSONAL NAME
Personal name University of Delhi. Faculty of Medical Sciences. Department of Obstetrics
942 ## - ADDED ENTRY ELEMENTS (KOHA)
Koha item type Dissertations
Source of classification or shelving scheme Colon Classification (CC)

No items available.

Copyright @ Delhi University Library System